[Event "Rated Blitz game"]
[Site "?"]
[Date "2021.03.26"]
[Round "?"]
[White "okeydokey15"]
[Black "DarthZannah"]
[Result "0-1"]
[WhiteElo "2620"]
[BlackElo "2511"]
[PlyCount "142"]
[EventDate "2021.??.??"]
[EventType "blitz"]

1. e4 e5 2. Nf3 d5 3. exd5 e4 4. Qe2 Nf6 5. Nc3 Be7 6. Nxe4 O-O 7. d3 Qxd5 8.
Nc3 Qa5 9. Qxe7 Re8 10. Qxe8+ Nxe8 11. Be2 Nc6 12. O-O Nb4 13. Nd4 c5 14. Nb3
Qc7 15. Bd1 b6 16. a3 Nc6 17. g3 Bb7 18. Bf4 Qd7 19. Bf3 Nd6 20. Rfe1 Nf5 21.
Ne2 h6 22. h4 Re8 23. Bg2 Rxe2 24. Rxe2 Ncd4 25. Nxd4 Nxd4 26. Rae1 Nxe2+ 27.
Rxe2 Bxg2 28. Kxg2 Qd4 29. Be5 Qd5+ 30. f3 f6 31. Bc3 Kf7 32. g4 Qc6 33. h5 a5
34. Re4 Qa8 35. a4 Qc6 36. b3 Qd5 37. Bd2 Qc6 38. Bf4 Qb7 39. Kf2 Qc6 40. c4
Kf8 41. Ke2 Kf7 42. Bg3 Kf8 43. f4 f5 44. gxf5 Qf6 45. Re5 Kf7 46. Bf2 Qc6 47.
Rd5 Qf6 48. d4 cxd4 49. Bxd4 Qh4 50. Rd7+ Ke8 51. Rxg7 Qxf4 52. Be3 Qxf5 53.
Rb7 Qc2+ 54. Kf3 Qxb3 55. Rxb6 Qxc4 56. Rxh6 Qxa4 57. Re6+ Kf7 58. Re5 Qd1+ 59.
Kf2 a4 60. h6 Kg6 61. Ra5 Qc2+ 62. Kf3 Qc6+ 63. Kf2 Qc2+ 64. Kf3 Qc6+ 65. Kf2
Qf6+ 66. Ke2 Qb2+ 67. Kf3 a3 68. Ra6+ Kf7 69. h7 a2 70. Ra7+ Kg6 71. Ra8 Kxh7 {
Normal} 0-1

[Event "Rated Blitz game"]
[Site "?"]
[Date "2021.03.26"]
[Round "?"]
[White "Kimuel_Aaron_Lorenzo"]
[Black "KamranShirazi"]
[Result "1-0"]
[WhiteElo "2560"]
[BlackElo "2467"]
[PlyCount "97"]
[EventDate "2021.??.??"]
[EventType "blitz"]

1. e4 e5 2. Nf3 d5 3. Nxe5 Bd6 4. d4 dxe4 5. Bc4 Bxe5 6. Qh5 Qe7 7. Qxe5 Qxe5
8. dxe5 Nc6 9. Nc3 Nxe5 10. Bb3 Bf5 11. Bf4 f6 12. O-O-O c6 13. Bxe5 fxe5 14.
Bxg8 Rxg8 15. Rhe1 Ke7 16. Nxe4 Rgd8 17. Nc5 Rxd1+ 18. Kxd1 Kf6 19. b3 b6 20.
Na4 Rd8+ 21. Kc1 Rd4 22. Nc3 h5 23. g3 h4 24. Rd1 Kg5 25. Re1 Kf6 26. Nd1 g5
27. Ne3 Be4 28. Rd1 Bf3 29. Rd2 c5 30. c3 Rxd2 31. Kxd2 e4 32. Nc4 Kf5 33. Ke3
Kg4 34. Nd6 Kh3 35. Nf5 Bg4 36. Nh6 Be6 37. Kxe4 Kxh2 38. gxh4 gxh4 39. f4 h3
40. f5 Bg8 41. Kf4 Kg2 42. Ng4 a5 43. f6 c4 44. bxc4 Bxc4 45. a3 h2 46. Nxh2
Kxh2 47. Ke5 Kg3 48. Kd6 Kf4 49. Kc6 {Time forfeit} 1-0

[Event "Rated Blitz tournament fkDs3FFx"]
[Site "?"]
[Date "2021.03.26"]
[Round "?"]
[White "Haditala1"]
[Black "om_gendut"]
[Result "0-1"]
[WhiteElo "2221"]
[BlackElo "2421"]
[PlyCount "84"]
[EventDate "2021.??.??"]
[EventType "blitz"]

1. e4 e5 2. Nf3 d5 3. exd5 e4 4. Qe2 Be7 5. Qxe4 Nf6 6. Qa4+ Nbd7 7. c4 O-O 8.
Be2 a6 9. O-O b5 10. cxb5 Nb6 11. Qc2 Nbxd5 12. d4 axb5 13. Bxb5 Bb7 14. Ne5
Nb4 15. Qe2 Qxd4 16. Nc3 Bd6 17. Nc4 Rad8 18. Nxd6 Qxd6 19. Bg5 h6 20. Rad1 Qb6
21. Bh4 Qe6 22. Qxe6 fxe6 23. Bxf6 gxf6 24. Bc4 Kf7 25. f3 Nc6 26. Nb5 Ne5 27.
Be2 Ba6 28. Kf2 Rb8 29. Nxc7 Bxe2 30. Kxe2 Rxb2+ 31. Rd2 Rb7 32. Na6 Rc8 33. a3
Rb6 34. Nb4 Rc3 35. Ra1 Rc8 36. Nd3 Nc4 37. Rc2 Nd6 38. Rxc8 Nxc8 39. a4 Ne7
40. a5 Ra6 41. Nc5 Ra7 42. a6 Nc6 {Time forfeit} 0-1

[Event "Rated Blitz tournament fkDs3FFx"]
[Site "?"]
[Date "2021.03.26"]
[Round "?"]
[White "li_ann"]
[Black "trynaos"]
[Result "1-0"]
[WhiteElo "2214"]
[BlackElo "2401"]
[PlyCount "33"]
[EventDate "2021.??.??"]
[EventType "blitz"]

1. e4 e5 2. Nf3 d5 3. exd5 e4 4. Qe2 f6 5. Qxe4+ Be7 6. Be2 Nh6 7. d4 Bf5 8.
Qf4 Bxc2 9. Bb5+ c6 10. dxc6 bxc6 11. Bc4 Nd7 12. O-O Nb6 13. Be6 Nd5 14. Qg3
Kf8 15. Nc3 Bg6 16. Bxh6 gxh6 17. Nh4 {Normal} 1-0

[Event "Rated Blitz game"]
[Site "?"]
[Date "2021.03.26"]
[Round "?"]
[White "Weetik"]
[Black "vovaches"]
[Result "1-0"]
[WhiteElo "2610"]
[BlackElo "2613"]
[PlyCount "75"]
[EventDate "2021.??.??"]
[EventType "blitz"]

1. e4 e5 2. Nf3 d5 3. Nc3 dxe4 4. Nxe5 Bd6 5. Nc4 Nf6 6. d4 O-O 7. Bg5 Re8 8.
Be2 Nc6 9. Ne3 h6 10. Bh4 a6 11. d5 Ne5 12. O-O Ng6 13. Bg3 Nf4 14. Re1 b5 15.
Bf1 Qe7 16. a4 b4 17. Ne2 g5 18. Nd4 N6xd5 19. Nxd5 Nxd5 20. Nc6 Qe6 21. Bc4
Bxg3 22. hxg3 Nc3 23. Bxe6 Nxd1 24. Bxc8 Nxb2 25. Bb7 Rad8 26. Nxd8 Rxd8 27.
Bxa6 Rd2 28. a5 Rxc2 29. Re2 b3 30. Rxc2 bxc2 31. Rc1 Nd3 32. Rxc2 Nb4 33. Rxc7
Nxa6 34. Ra7 Nb4 35. a6 Kg7 36. Ra8 h5 37. a7 Nc6 38. Rg8+ {Normal} 1-0

[Event "Rated Blitz tournament jNShbJZ7"]
[Site "?"]
[Date "2021.03.26"]
[Round "?"]
[White "garryboyloverboy"]
[Black "cuerosky"]
[Result "1-0"]
[WhiteElo "2451"]
[BlackElo "2273"]
[PlyCount "127"]
[EventDate "2021.??.??"]
[EventType "blitz"]

1. e4 e5 2. Nf3 d5 3. Nc3 dxe4 4. Nxe4 Nf6 5. Nxf6+ Qxf6 6. d3 h6 7. h3 Bd6 8.
g3 Nc6 9. Bg2 Bf5 10. Nh4 Bh7 11. Bxc6+ bxc6 12. Qf3 Qe6 13. Qxc6+ Ke7 14. Bd2
Rab8 15. Qc3 Qd5 16. O-O g5 17. Ng2 Bf5 18. Ne3 Qe6 19. Nxf5+ Qxf5 20. Kg2 h5
21. Rae1 g4 22. h4 Rhe8 23. b3 Kf8 24. Qc4 Rbd8 25. f3 Re6 26. fxg4 Qxg4 27.
Qxg4 hxg4 28. Re4 Rg6 29. Rf5 Kg7 30. h5 Re6 31. Rxg4+ Kh7 32. h6 f6 33. Rg7+
Kh8 34. Rf7 Be7 35. Bc3 Rg8 36. Kf3 Rg6 37. Rh5 Bd6 38. Rd7 Re7 39. Rd8+ Kh7
40. g4 Rxh6 41. Rxh6+ Kxh6 42. Bd2+ Kg6 43. Ke4 Rh7 44. Be3 Rh2 45. c4 Re2 46.
Kf3 Rxa2 47. c5 Be7 48. Rd7 Bf8 49. Rxc7 Ra3 50. Ke4 a6 51. b4 Ra4 52. Rb7 a5
53. c6 Bd6 54. Kd5 Ra3 55. Kxd6 Rxd3+ 56. Ke6 Rxe3 57. c7 Rc3 58. bxa5 e4 59.
Kd7 Rd3+ 60. Kc8 e3 61. Rb4 f5 62. gxf5+ Kxf5 63. Kb7 e2 64. c8=Q+ {Normal} 1-0

[Event "Rated Blitz tournament mLrNWmbA"]
[Site "?"]
[Date "2021.03.26"]
[Round "?"]
[White "WattSchrott"]
[Black "Lur15"]
[Result "1-0"]
[WhiteElo "2440"]
[BlackElo "2282"]
[PlyCount "181"]
[EventDate "2021.??.??"]
[EventType "blitz"]

1. e4 e5 2. Nf3 d5 3. Nc3 d4 4. Ne2 f6 5. Ng3 Be6 6. b3 Bd6 7. Bc4 Bxc4 8. bxc4
Ne7 9. d3 O-O 10. O-O c5 11. Ne1 Nbc6 12. Bd2 f5 13. exf5 Nxf5 14. Qe2 Nxg3 15.
hxg3 Ne7 16. Nf3 Ng6 17. Ng5 Qf6 18. Qh5 h6 19. Ne4 Qe6 20. a4 Rf5 21. Qe2 Raf8
22. Rab1 b6 23. a5 Bc7 24. axb6 Bxb6 25. f3 Nh8 26. g4 R5f7 27. Ng3 Ng6 28. Nf5
Ne7 29. Nxe7+ Rxe7 30. Qe4 Ref7 31. Rfe1 Re7 32. g5 h5 33. f4 Qf5 34. Qd5+ Kh7
35. Rxe5 Rxe5 36. Qxe5 Qxe5 37. fxe5 Kg6 38. Re1 Re8 39. g3 Re6 40. Kg2 Bc7 41.
Bf4 Kf5 42. Kf3 Ra6 43. Rb1 Bb6 44. Rh1 g6 45. Re1 Ke6 46. Ke4 Ra2 47. Re2 Ra1
48. g4 hxg4 49. Bd2 Rh1 50. Rf2 Bd8 51. Rf8 Be7 52. Rg8 g3 53. Kf3 Rd1 54. Ba5
Kxe5 55. Bc7+ Kf5 56. Re8 Bxg5 57. Re5+ Kf6 58. Rxc5 Bh4 59. Bxg3 Bxg3 60. Kxg3
Ra1 61. Kf4 a6 62. Rc6+ Ke7 63. Ke4 a5 64. Rxg6 a4 65. Ra6 a3 66. Kxd4 a2 67.
Kc3 Kd7 68. Kb2 Rh1 69. Rxa2 Kc7 70. Kc3 Kb6 71. Rb2+ Kc5 72. Rb5+ Kc6 73. d4
Rh3+ 74. Kb4 Rh1 75. d5+ Kc7 76. Kc5 Rc1 77. Rb6 Rxc2 78. d6+ Kd7 79. Ra6 Rh2
80. Ra7+ Ke6 81. Re7+ Kf6 82. Re1 Rd2 83. Kc6 Rd4 84. c5 Rc4 85. d7 Ra4 86. Re8
Ra6+ 87. Kd5 Ra1 88. d8=Q+ Kg6 89. Kc6 Rd1 90. Qd7 Rxd7 91. Kxd7 {Time forfeit}
1-0

[Event "Rated Blitz tournament mLrNWmbA"]
[Site "?"]
[Date "2021.03.26"]
[Round "?"]
[White "Chesscomlepszy"]
[Black "dr_xStranger"]
[Result "0-1"]
[WhiteElo "2250"]
[BlackElo "2502"]
[PlyCount "28"]
[EventDate "2021.??.??"]
[EventType "blitz"]

1. e4 e5 2. Nf3 d5 3. Qe2 Bd6 4. exd5 Nf6 5. Nxe5 O-O 6. d4 Re8 7. c4 c5 8. f4
cxd4 9. Nd2 Nbd7 10. Ndf3 Nxe5 11. fxe5 Nd7 12. e6 fxe6 13. dxe6 Nc5 14. Nxd4
Nxe6 {Normal} 0-1

[Event "Rated Blitz game"]
[Site "?"]
[Date "2021.03.26"]
[Round "?"]
[White "Weetik"]
[Black "vovaches"]
[Result "0-1"]
[WhiteElo "2622"]
[BlackElo "2601"]
[PlyCount "70"]
[EventDate "2021.??.??"]
[EventType "blitz"]

1. e4 e5 2. Nf3 d5 3. Nc3 dxe4 4. Nxe5 Bd6 5. d4 exd3 6. Nxd3 Nf6 7. Be2 O-O 8.
O-O Nc6 9. Bg5 h6 10. Bh4 Bf5 11. Re1 Re8 12. Bg3 Bxg3 13. hxg3 Nd4 14. Bf1
Rxe1 15. Nxe1 c5 16. Bd3 Qd7 17. Ne2 Rd8 18. Nxd4 Qxd4 19. Be2 Qd2 20. Kf1 Qa5
21. Qc1 Ne4 22. Qf4 Bg6 23. Bd3 Rd4 24. Nf3 Ra4 25. Re1 Nf6 26. Qb8+ Kh7 27.
Bxg6+ fxg6 28. Qxb7 Rxa2 29. Re7 Ra1+ 30. Ke2 Qd8 31. Rxg7+ Kh8 32. Ne1 Qd1+
33. Ke3 Nd5+ 34. Ke4 Qd4+ 35. Kf3 Qf6+ {Time forfeit} 0-1

[Event "Rated Blitz game"]
[Site "?"]
[Date "2021.03.26"]
[Round "?"]
[White "Yatini_T"]
[Black "Trompatzer"]
[Result "0-1"]
[WhiteElo "2454"]
[BlackElo "2392"]
[PlyCount "32"]
[EventDate "2021.??.??"]
[EventType "blitz"]

1. e4 e5 2. Nf3 d5 3. Nxe5 Bd6 4. d4 dxe4 5. Nc3 Bxe5 6. dxe5 Qxd1+ 7. Kxd1 Nc6
8. Nxe4 Bf5 9. Ng3 O-O-O+ 10. Bd2 Bg6 11. f4 Nh6 12. Be2 Nd4 13. c3 Nc2 14. f5
Nxf5 15. Nxf5 Bxf5 16. Rc1 Ne3+ {Normal} 0-1

[Event "Rated Blitz tournament 6v0Fgqwf"]
[Site "?"]
[Date "2021.03.26"]
[Round "?"]
[White "HooCee"]
[Black "Autumnal"]
[Result "1-0"]
[WhiteElo "2509"]
[BlackElo "2220"]
[PlyCount "68"]
[EventDate "2021.??.??"]
[EventType "blitz"]

1. e4 e5 2. Nf3 d5 3. Nc3 dxe4 4. Nxe4 f5 5. Ng3 e4 6. Ng1 Bc5 7. d3 Nf6 8. c3
O-O 9. d4 Bd6 10. Bc4+ Kh8 11. Bg5 h6 12. h4 e3 13. N1e2 exf2+ 14. Kf1 f4 15.
Nh5 Nbd7 16. Nexf4 Bxf4 17. Nxf4 Qe8 18. Ne6 Nb6 19. Nxf8 Nxc4 20. Qd3 Qxf8 21.
Bxf6 Qxf6 22. Qxc4 c6 23. Qe2 Be6 24. Qxf2 Qe7 25. Kg1 Rf8 26. Qg3 c5 27. Re1
cxd4 28. cxd4 Qd7 29. Qe5 Bxa2 30. h5 Bd5 31. Rh3 Bc6 32. Rg3 Qf7 33. Kh2 a6
34. Rf1 Qf6 {Normal} 1-0

[Event "Rated Blitz game"]
[Site "?"]
[Date "2021.03.26"]
[Round "?"]
[White "May3"]
[Black "malcriado007"]
[Result "1-0"]
[WhiteElo "2387"]
[BlackElo "2445"]
[PlyCount "43"]
[EventDate "2021.??.??"]
[EventType "blitz"]

1. e4 e5 2. Nf3 d5 3. Nc3 dxe4 4. Nxe4 Nc6 5. Bb5 Bd6 6. O-O Nf6 7. Ng3 O-O 8.
d3 a6 9. Bc4 h6 10. h3 Nh7 11. Re1 Kh8 12. c3 f5 13. a4 Bd7 14. b4 Qf6 15. Nh5
Qg6 16. Nh4 Qe8 17. f4 g5 18. fxe5 Nxe5 19. d4 gxh4 20. dxe5 Be7 21. Bxh6 Bc6
22. Bg7# {Normal} 1-0

[Event "Rated Blitz game"]
[Site "?"]
[Date "2021.03.26"]
[Round "?"]
[White "kuperbash"]
[Black "magos33"]
[Result "1-0"]
[WhiteElo "2473"]
[BlackElo "2377"]
[PlyCount "25"]
[EventDate "2021.??.??"]
[EventType "blitz"]

1. e4 e5 2. Nf3 d5 3. exd5 e4 4. Qe2 Nf6 5. d3 Qxd5 6. dxe4 Qxe4 7. Be3 Bg4 8.
Nbd2 Qxc2 9. Qb5+ Qc6 10. Qe5+ Be7 11. Bb5 O-O 12. Bxc6 Nxc6 13. Qb5 {Normal}
1-0

[Event "Rated Blitz game"]
[Site "?"]
[Date "2021.03.26"]
[Round "?"]
[White "yaguigor"]
[Black "Dzon_Vejn"]
[Result "0-1"]
[WhiteElo "2547"]
[BlackElo "2440"]
[PlyCount "142"]
[EventDate "2021.??.??"]
[EventType "blitz"]

1. e4 e5 2. Nf3 d5 3. exd5 e4 4. Qe2 Nf6 5. d3 Qxd5 6. Nc3 Bb4 7. Bd2 Bxc3 8.
Bxc3 Bf5 9. Bxf6 gxf6 10. Nd2 Be6 11. Nxe4 Nd7 12. Nc3 Qa5 13. Qd2 O-O-O 14.
Be2 Ne5 15. Ne4 Qb6 16. Qc3 Ng6 17. Qxf6 Rhg8 18. b3 Qa5+ 19. Qc3 Qd5 20. O-O-O
Qf5 21. Qc5 Qf4+ 22. Kb1 Kb8 23. g3 Qh6 24. h4 Rd5 25. Qc3 Rgd8 26. Bf3 Rd4 27.
Ng5 Qg7 28. Nxe6 fxe6 29. Rde1 Qf6 30. Bd1 Nf8 31. f4 Qf5 32. Re5 Qf7 33. Rhe1
Qg7 34. Rg5 Qd7 35. Bg4 a6 36. Rge5 Rd6 37. Qd2 Rd4 38. Qe3 Qc6 39. Bxe6 Nxe6
40. Rxe6 Qc3 41. Re8 Rxe8 42. Qxe8+ Ka7 43. Qe5 Rxd3 44. Qxc3 Rxc3 45. Rf1 Rxg3
46. f5 Rg7 47. f6 Rf7 48. c4 Kb6 49. Kc2 Kc6 50. Kd3 Kd6 51. Kd4 c5+ 52. Ke4
Ke6 53. Rf5 b6 54. a3 Rxf6 55. Rxf6+ Kxf6 56. Kd5 Kf5 57. Kc6 Kg4 58. Kxb6 Kxh4
59. Kxc5 Kg5 60. Kb6 h5 61. c5 h4 62. c6 h3 63. c7 h2 64. c8=Q h1=Q 65. Kxa6
Qf1+ 66. Qc4 Qf8 67. b4 Qa8+ 68. Kb6 Qb8+ 69. Ka6 Qa8+ 70. Kb6 Qd8+ 71. Ka6
Qd6+ {Time forfeit} 0-1

[Event "Rated Blitz game"]
[Site "?"]
[Date "2021.03.26"]
[Round "?"]
[White "Verdik"]
[Black "Rusert"]
[Result "1-0"]
[WhiteElo "2472"]
[BlackElo "2483"]
[PlyCount "27"]
[EventDate "2021.??.??"]
[EventType "blitz"]

1. e4 e5 2. Nf3 d5 3. Nxe5 Bd6 4. d4 dxe4 5. Nc4 Nf6 6. Be2 O-O 7. O-O Bf5 8.
Nxd6 cxd6 9. Bg5 Nbd7 10. c4 Qb6 11. Nc3 Qxb2 12. Nb5 Qb4 13. Bd2 Qb2 14. Bc3 {
Normal} 1-0

[Event "Rated Blitz game"]
[Site "?"]
[Date "2021.03.26"]
[Round "?"]
[White "DrEstranged"]
[Black "Dzon_Vejn"]
[Result "1-0"]
[WhiteElo "2548"]
[BlackElo "2438"]
[PlyCount "121"]
[EventDate "2021.??.??"]
[EventType "blitz"]

1. e4 e5 2. Nf3 d5 3. Nxe5 Bd6 4. d4 dxe4 5. Nc3 Bxe5 6. dxe5 Qxd1+ 7. Nxd1 Nc6
8. Bf4 Nge7 9. Nc3 Ng6 10. Bg3 Bf5 11. Bb5 O-O-O 12. Bxc6 bxc6 13. Rd1 Rxd1+
14. Kxd1 Re8 15. Re1 Nxe5 16. f3 Nc4 17. fxe4 Bg4+ 18. Kc1 f6 19. b3 Nd6 20. e5
fxe5 21. Rxe5 Rf8 22. Re7 Rf1+ 23. Kb2 Rg1 24. Rxg7 Rxg2 25. Rxg4 h5 26. Rg7 h4
27. Be5 Rf2 28. Bxd6 cxd6 29. Ne4 Rxh2 30. Nxd6+ Kb8 31. Rb7+ Ka8 32. Rc7 a6
33. Rxc6 Ka7 34. Rc7+ Kb6 35. Rh7 h3 36. a4 Kc6 37. Nc4 Kc5 38. Rh4 Rh1 39. Kc3
h2 40. b4+ Kc6 41. Nd2 Kd6 42. Nf3 Ra1 43. Nxh2 Rxa4 44. Kb2 a5 45. Kb3 Ra1 46.
bxa5 Rxa5 47. Nf3 Rb5+ 48. Rb4 Rc5 49. Nd4 Rh5 50. c3 Kc7 51. Rb5 Rh4 52. Kc4
Rh3 53. Rg5 Rh4 54. Kc5 Kd7 55. c4 Kd8 56. Rg7 Rh6 57. Kd5 Ke8 58. c5 Kf8 59.
Ne6+ Ke8 60. Kd6 Rf6 61. Re7# {Normal} 1-0

[Event "Rated Blitz game"]
[Site "?"]
[Date "2021.03.26"]
[Round "?"]
[White "sina_iran"]
[Black "blastol"]
[Result "1-0"]
[WhiteElo "2559"]
[BlackElo "2433"]
[PlyCount "71"]
[EventDate "2021.??.??"]
[EventType "blitz"]

1. e4 e5 2. Nf3 d5 3. Nc3 dxe4 4. Nxe4 f5 5. Ng3 e4 6. Ne5 Nf6 7. d4 Bd6 8. Bc4
Bxe5 9. dxe5 Qxd1+ 10. Kxd1 Ng4 11. Ke2 Nxe5 12. Bb3 Nbc6 13. Nh5 Nd4+ 14. Ke3
Nxb3 15. axb3 g6 16. Nf4 g5 17. Nd5 O-O 18. Nxc7 Rb8 19. Rxa7 Bd7 20. Nd5 h6
21. Bd2 Be6 22. Nc7 Bd7 23. Bc3 Ng4+ 24. Ke2 Bc6 25. h3 Nf6 26. Rd1 Kf7 27. Rd6
Ke7 28. Bb4 Kf7 29. Ne6 Ra8 30. Rxa8 Rxa8 31. Nd8+ Kg7 32. Bc3 Bb5+ 33. Ke3 f4+
34. Kd2 Rxd8 35. Bxf6+ Kf7 36. Bxd8 {Normal} 1-0

[Event "Rated Blitz tournament dvq8cPf3"]
[Site "?"]
[Date "2021.03.25"]
[Round "?"]
[White "StepanOsinovsky"]
[Black "Schachelite"]
[Result "1-0"]
[WhiteElo "2412"]
[BlackElo "2433"]
[PlyCount "73"]
[EventDate "2021.??.??"]
[EventType "blitz"]

1. e4 e5 2. Nf3 d5 3. exd5 e4 4. Ne5 Qxd5 5. Nc4 Bd6 6. Nxd6+ Qxd6 7. Nc3 Nf6
8. Be2 O-O 9. O-O Nc6 10. d3 Nd4 11. dxe4 Nxe2+ 12. Qxe2 Bg4 13. f3 Be6 14. Kh1
Qb6 15. b3 Rfe8 16. Bb2 Rad8 17. Rae1 c6 18. a4 Qa5 19. Rf2 Qh5 20. Nd1 Qh6 21.
Ne3 Nh5 22. Kg1 Nf4 23. Qf1 Rd7 24. Bc1 Qg6 25. Ng4 Bxg4 26. Bxf4 Be6 27. Rd2
Red8 28. Rxd7 Rxd7 29. Qf2 Qf6 30. Bg3 Qc3 31. Bf4 h6 32. h4 b6 33. Kh2 c5 34.
Re3 Qb2 35. Qg3 Kh7 36. Be5 g6 37. Bxb2 {Normal} 1-0

[Event "Rated Blitz game"]
[Site "?"]
[Date "2021.03.25"]
[Round "?"]
[White "prikitiw"]
[Black "Dzon_Vejn"]
[Result "1-0"]
[WhiteElo "2375"]
[BlackElo "2469"]
[PlyCount "75"]
[EventDate "2021.??.??"]
[EventType "blitz"]

1. e4 e5 2. Nf3 d5 3. exd5 e4 4. Nd4 Qxd5 5. Nb3 Qe5 6. Nc3 Nc6 7. Qe2 Nf6 8.
h3 Bf5 9. a3 O-O-O 10. g3 h5 11. Bg2 a6 12. O-O Bd6 13. Re1 h4 14. Nxe4 Nxe4
15. Bxe4 hxg3 16. d4 gxf2+ 17. Qxf2 Qxe4 18. Rxe4 Bxe4 19. Bf4 Rxh3 20. Qd2
Rh1+ 21. Kf2 Rh4 22. Bg3 Bxg3+ 23. Kxg3 Rdh8 24. Rg1 Rh3+ 25. Kf4 f5 26. Rxg7
R8h4+ 27. Kg5 Rg4+ 28. Kf6 Rgh4 29. Rg8+ Nd8 30. Nc5 Bd5 31. Rg6 f4 32. c4 Bxc4
33. Qc2 Bd5 34. Qf5+ Kb8 35. Qxd5 Nc6 36. Nd7+ Ka7 37. Qc5+ b6 38. Qxc6 {Normal
} 1-0

[Event "Rated Blitz game"]
[Site "?"]
[Date "2021.03.25"]
[Round "?"]
[White "irekyouall"]
[Black "Dzon_Vejn"]
[Result "1-0"]
[WhiteElo "2491"]
[BlackElo "2457"]
[PlyCount "59"]
[EventDate "2021.??.??"]
[EventType "blitz"]

1. e4 e5 2. Nf3 d5 3. Nxe5 Bd6 4. d4 dxe4 5. Nc4 Be7 6. Bf4 Nf6 7. Ne3 O-O 8.
h3 h6 9. Be2 Bd6 10. Bxd6 cxd6 11. O-O d5 12. b3 Nc6 13. c4 Re8 14. Nc3 dxc4
15. d5 Ne5 16. bxc4 b6 17. a4 Ba6 18. a5 Rc8 19. axb6 Qxb6 20. Qa4 Bxc4 21.
Bxc4 Nxc4 22. Nxc4 Qc5 23. Nb5 Red8 24. Ne3 Nxd5 25. Nxd5 Rxd5 26. Nxa7 Re8 27.
Qxe8+ Kh7 28. Nc8 e3 29. Ne7 Re5 30. Qg8# {Normal} 1-0

[Event "Rated Blitz game"]
[Site "?"]
[Date "2021.03.25"]
[Round "?"]
[White "weresloth"]
[Black "anjaya01"]
[Result "1-0"]
[WhiteElo "2489"]
[BlackElo "2340"]
[PlyCount "71"]
[EventDate "2021.??.??"]
[EventType "blitz"]

1. e4 e5 2. Nf3 d5 3. exd5 Bd6 4. d3 f5 5. c4 c5 6. Nc3 a6 7. g3 Nf6 8. Bg2 b6
9. O-O Ra7 10. Re1 Nbd7 11. Nxe5 Nxe5 12. f4 Re7 13. fxe5 Bxe5 14. Bf4 Bd4+ 15.
Kh1 Ng4 16. Rf1 h6 17. d6 Re6 18. Nd5 O-O 19. Ne7+ Rxe7 20. dxe7 Qxe7 21. h3
Nf2+ 22. Rxf2 Bxf2 23. Qd2 Bd4 24. Re1 Qf6 25. Re2 g5 26. Be3 Be5 27. Bd5+ Kg7
28. Bf2 f4 29. g4 h5 30. Rxe5 Qxe5 31. d4 Qd6 32. dxc5 bxc5 33. Qc3+ Kh6 34.
gxh5 Be6 35. Bf3 Bf7 36. Bxc5 {Time forfeit} 1-0

[Event "Rated Blitz game"]
[Site "?"]
[Date "2021.03.25"]
[Round "?"]
[White "Brutukseni"]
[Black "ieks"]
[Result "0-1"]
[WhiteElo "2421"]
[BlackElo "2354"]
[PlyCount "60"]
[EventDate "2021.??.??"]
[EventType "blitz"]

1. e4 e5 2. Nf3 d5 3. Nxe5 Bd6 4. Nf3 dxe4 5. Nd4 Nf6 6. d3 O-O 7. dxe4 Nxe4 8.
Be2 Qh4 9. Be3 Re8 10. Nc3 Bb4 11. O-O Bxc3 12. bxc3 Nxc3 13. Qd3 Nxe2+ 14.
Nxe2 Nc6 15. Nf4 Bg4 16. Qb5 Rab8 17. Nd5 Re5 18. c4 a6 19. Qb2 Rbe8 20. Qxb7
R5e6 21. Nxc7 Ne5 22. Nxe6 fxe6 23. Qe4 Qh5 24. f4 Ng6 25. c5 Nh4 26. Rac1 Bf5
27. Qc6 Re7 28. Qc8+ Kf7 29. Qxa6 Qg4 30. h3 Qxg2# {Normal} 0-1

[Event "Rated Blitz tournament YkbBgbBx"]
[Site "?"]
[Date "2021.03.25"]
[Round "?"]
[White "NaToncheva"]
[Black "King_bg03"]
[Result "1/2-1/2"]
[WhiteElo "2311"]
[BlackElo "2421"]
[PlyCount "44"]
[EventDate "2021.??.??"]
[EventType "blitz"]

1. e4 e5 2. Nf3 d5 3. exd5 e4 4. Qe2 Nf6 5. d3 Qxd5 6. Nbd2 Bf5 7. dxe4 Bxe4 8.
c4 Qf5 9. Nd4 Qe5 10. Nb5 Bd6 11. f3 Bg6 12. c5 Qxe2+ 13. Bxe2 Bf4 14. g3 Bxd2+
15. Bxd2 Na6 16. Kf2 O-O 17. Rhe1 Nxc5 18. Nxc7 Rac8 19. Nb5 Nd3+ 20. Bxd3 Bxd3
21. Nc3 Rfe8 22. Rxe8+ Rxe8 {Normal} 1/2-1/2

[Event "Rated Blitz game"]
[Site "?"]
[Date "2021.03.25"]
[Round "?"]
[White "HannHagen"]
[Black "Dzon_Vejn"]
[Result "0-1"]
[WhiteElo "2368"]
[BlackElo "2483"]
[PlyCount "26"]
[EventDate "2021.??.??"]
[EventType "blitz"]

1. e4 e5 2. Nf3 d5 3. exd5 e4 4. Qe2 Nf6 5. Nc3 Be7 6. Nxe4 O-O 7. d3 Nxd5 8.
Bd2 Re8 9. O-O-O f5 10. Nc3 Nxc3 11. Bxc3 Bg5+ 12. Nxg5 Rxe2 13. Bxe2 Qxg5+ {
Normal} 0-1

[Event "Rated Blitz game"]
[Site "?"]
[Date "2021.03.25"]
[Round "?"]
[White "Tematico"]
[Black "Dzon_Vejn"]
[Result "1-0"]
[WhiteElo "2455"]
[BlackElo "2482"]
[PlyCount "79"]
[EventDate "2021.??.??"]
[EventType "blitz"]

1. e4 e5 2. Nf3 d5 3. d4 dxe4 4. Nxe5 Bd6 5. Bc4 Bxe5 6. Qh5 Qf6 7. dxe5 Qg6 8.
Qxg6 hxg6 9. Nc3 Ne7 10. Nxe4 Nbc6 11. Bf4 Bf5 12. f3 Rd8 13. O-O Nd5 14. Bg5
Nde7 15. Nc5 Nxe5 16. Rfe1 f6 17. Bb3 b6 18. Na6 Rd7 19. Bf4 Nd5 20. Bxe5 fxe5
21. Rxe5+ Ne7 22. Rae1 Kd8 23. g4 Nc6 24. R5e3 Nd4 25. gxf5 Nxf5 26. Rd3 Rxd3
27. cxd3 c5 28. Bd5 Rh4 29. Be4 Nd4 30. b4 cxb4 31. Nxb4 g5 32. Nc6+ Nxc6 33.
Bxc6 g4 34. f4 Rh6 35. Be4 Rd6 36. f5 Rd4 37. Kg2 Rb4 38. Kg3 Rb2 39. a4 Rxh2
40. Kxh2 {Normal} 1-0

[Event "Rated Blitz game"]
[Site "?"]
[Date "2021.03.25"]
[Round "?"]
[White "Medion72"]
[Black "Dzon_Vejn"]
[Result "0-1"]
[WhiteElo "2405"]
[BlackElo "2470"]
[PlyCount "54"]
[EventDate "2021.??.??"]
[EventType "blitz"]

1. e4 e5 2. Nf3 d5 3. exd5 e4 4. Qe2 Nf6 5. Nc3 Be7 6. Nxe4 O-O 7. Nxf6+ Bxf6
8. d4 Re8 9. Be3 Qxd5 10. Qb5 Qd8 11. O-O-O a6 12. Qh5 Nd7 13. Bd3 Nf8 14. Rhg1
b5 15. g4 g6 16. Qh6 Qd5 17. Nd2 Qxa2 18. Qf4 Bg7 19. Qxc7 Be6 20. Ne4 Rac8 21.
Qd6 Qa1+ 22. Kd2 Qxb2 23. Rb1 Qa2 24. Ra1 Qd5 25. Qxd5 Bxd5 26. Rxa6 Bxe4 27.
Bxe4 Rxe4 {Normal} 0-1

[Event "Rated Blitz game"]
[Site "?"]
[Date "2021.03.25"]
[Round "?"]
[White "hainana2011"]
[Black "blastol"]
[Result "0-1"]
[WhiteElo "2508"]
[BlackElo "2400"]
[PlyCount "104"]
[EventDate "2021.??.??"]
[EventType "blitz"]

1. e4 e5 2. Nf3 d5 3. Nxe5 Bd6 4. d4 dxe4 5. Nc4 f5 6. c3 Nf6 7. Be2 O-O 8. O-O
Nc6 9. Nxd6 Qxd6 10. Na3 Be6 11. Nc4 Qd7 12. Bf4 Nd5 13. Ne5 Qd8 14. Nxc6 bxc6
15. Be5 f4 16. Bc4 f3 17. gxf3 exf3 18. Kh1 Bh3 19. Rg1 Bg2+ 20. Rxg2 fxg2+ 21.
Kxg2 Qh4 22. Qc2 Kh8 23. Bxd5 cxd5 24. Re1 Rf7 25. Re3 Raf8 26. Rg3 Rxf2+ 27.
Qxf2 Rxf2+ 28. Kxf2 Kg8 29. Bxg7 Kf7 30. Be5 c6 31. Kg2 Qe4+ 32. Rf3+ Ke7 33.
Kg3 Qg6+ 34. Kh3 Qc2 35. Rf6 Qd3+ 36. Kg2 Qc2+ 37. Kg3 Qd3+ 38. Kg2 Qd2+ 39.
Kg3 Qxb2 40. Rxc6 Qxa2 41. Rc7+ Ke6 42. Rxh7 a5 43. Rh6+ Kf5 44. Kf3 Qc2 45.
Rc6 Qd3+ 46. Kg2 a4 47. Rc7 a3 48. Ra7 Qxc3 49. h4 Qb2+ 50. Kf3 a2 51. Ra6 Qc3+
52. Kf2 a1=Q {Normal} 0-1